| 000 | 00788nam a2200265 a 4500 | ||
|---|---|---|---|
| 003 | AR-BaBNM | ||
| 005 | 20251128203909.0 | ||
| 008 | 082120s2002 ||||||||||||||000 | spa|| | ||
| 040 | _cAR-BaBNM | ||
| 100 | 1 | _aGray, William S. | |
| 245 | 0 | 0 |
_aLa enseñanza de la lectura y de la escritura _bun estudio internacional |
| 260 |
_aParís _bUnesco _c1958 |
||
| 300 |
_a324 p. _bil., tablas |
||
| 500 | _aContiene índice alfabético | ||
| 650 | 4 | _aENSEÑANZA DE LA ESCRITURA | |
| 650 | 4 | _aENSEÑANZA DE LA LECTURA | |
| 650 | 4 | _aPROCESO DE LECTURA | |
| 650 | 4 | _aALFABETIZACION FUNCIONAL | |
| 650 | 4 | _aMETODOS DE ENSEÑANZA | |
| 650 | 4 | _aAPRENDIZAJE DE ADULTOS | |
| 650 | 4 | _aPROGRAMAS DE LECTURA | |
| 700 | 1 |
_aRodríguez Bou, Ismael _eprologuista |
|
| 942 | _cBK | ||
| 998 | _cCarmen | ||
| 999 |
_c5384 _d5384 |
||